| 000 | 00819nam a2200265Ia 4500 | ||
|---|---|---|---|
| 003 | GCL | ||
| 008 | 140319s9999 xx 000 0 ara d | ||
| 040 |
_aGCL / _cGCL |
||
| 082 | 0 | 4 |
_a191 _bب ا |
| 100 | 1 | _aبارتن، بيرى رالف | |
| 245 | 1 | 0 |
_aافاق القيمة دراسة نقدية للحضارة الانسانية / _cبارتن، بيرى رالف |
| 700 | 1 | _aعبدالمحسن عاطف سلام | |
| 260 |
_aالقاهرة : _bمكتبة النهضة المصرية ، _c1968 |
||
| 300 | _a621 ص | ||
| 490 | _a | ||
| 650 | 0 | 4 | _aالفلسفة |
| 650 | 0 | 4 | _aعلم النفس |
| 650 | 0 | 4 | _aالاخلاق |
| 650 | 0 | 4 | _aالجمال |
| 650 | 0 | 4 | _aالفن |
| 650 | 0 | 4 | _aالمعرفة |
| 650 | 0 | 4 | _aالمنطق |
| 650 | 0 | 4 | _aما وراء الطبيعة, علم |
| 942 |
_2ddc _cBK |
||
| 999 |
_c29968 _d29968 |
||